| 000 | 02171nam2a2200409 4500 | ||
|---|---|---|---|
| 001 | RU\NLR\bibl\867924 | ||
| 005 | 20250614161105.0 | ||
| 010 |
_a5-87872-141-4 _9500 |
||
| 035 | _a(nilc)RSL-KNO-002678697 | ||
| 035 | _a(NLR Aleph) 000856562 | ||
| 090 |
_a1513289 _c1513289 |
||
| 100 | _a20050623d2005 |||y0rusy50 ca | ||
| 101 | 0 | _arus | |
| 102 | _aRU | ||
| 105 | _ay ||||||||| | ||
| 106 | _ar | ||
| 200 | 1 |
_aКонфликтогенные факторы на Юге России: методология исследования и социальные реалии _fА.В. Лубский _gотв. ред. В.В. Черноус _gРос. гос. ун-т, Ин-т по переподгот. и повышению квалификации преподавателей гуманит. и социал. наук |
|
| 210 |
_aРостов-на-Дону _cИзд-во СКНЦ ВШ _d2005 |
||
| 215 |
_a190 с. _d21 |
||
| 300 | _aНа тит. л.: К 90-летию РГУ | ||
| 320 | _aБиблиогр. в подстроч. примеч. | ||
| 461 | 0 |
_1001RU\NLR\INFOCOMM31\5000112883 _12001#$aЮжнороссийское обозрение$fЦентр. систем. регион. исслед. и прогнозирования ИППК при РГУ$vВып. 28 _92946323 _cРостов н/Д _d2001 - _fЦентр. систем. регион. исслед. и прогнозирования ИППК при РГУ _nИзд-во СКНЦ ВШ _tЮжнороссийское обозрение _vВып. 28 |
|
| 606 | 1 |
_aЭтнополитические конфликты _yРоссийская Федерация _yЮг _92423227 _3RU\NLR\auth\661442924 |
|
| 686 |
_aС556.73,0 _2rubbk |
||
| 686 |
_aС556.515,0 _2rubbk |
||
| 686 | _aФ5(2)2 | ||
| 686 | _aТ3(2)74-36 | ||
| 700 | 1 |
_4070 _7ca _8rus _aЛубский _bА. В. _f1947- _gАнатолий Владимирович _9158171 _3RU\NLR\AUTH\770158212 |
|
| 801 | 0 |
_aRU _bRuMoRKP _c20050623 _grcr |
|
| 801 | 1 |
_aRU _bRuMoRGB _c20050623 |
|
| 801 | 2 |
_aRU _bNLR _c20051108 _grcr |
|
| 852 |
_aNLR _jП22/7555 |
||
| 942 | _cISSUE | ||
| 980 | _aNB | ||
| 980 | _aRUSPER | ||